The 2018 Events - Statistics

General Stats
  • This quiz has been taken 30 times
  • The average score is 7 of 16
Answer Stats
Hint Answer % Correct
On May 19, the wedding of Prince Harry and American actress ___________ is held at St. George's Chapel. Meghan Markle
90%
USA, Canada and ________ will host the 2026 World Cup. Mexico
86%
A fire destroys the National Museum of Brazil in this city. Rio de Janeiro
66%
This country legalises the sale and use of cannabis, becoming the second country in the world to do so, after Uruguay in 2013. Canada
62%
The 2018 Winter Olympics were held in this country. South Korea
59%
_______ and the Republic of Macedonia (FYROM) reach a deal to end a 27-year naming dispute between both countries. Greece
55%
On August 7, the United States reimposes sanctions on this country. Iran
55%
Jacob Zuma resigns as president of this country after nine years in power. South Africa
55%
This private aerospace manufacturer conducts its maiden flight of a new generation rocket, named Falcon Heavy. SpaceX
52%
This company becomes the world's first public company to achieve a market capitalization of $1 trillion. Apple
48%
Eswatini, officially the Kingdom of Eswatini, is the new name of this African country. Swaziland
48%
This country moved its capital from Bujumbura to Gitega. Burundi
17%
This separatist group officially announces its final dissolution after 40 years of conflict and more than 800 deaths in Spain. ETA
17%
The Eurovision Song Contest 2018 is won by Israeli singer Netta Barzilai with this song. Toy
17%
The 2018 United Nations Climate Change Conference was held in this country. Poland
7%
This country became the 36th member of the OECD. Lithuania
3%
No matching quizzes found
Score Distribution
Percent of People with Each Score
Percentile by Number Answered
Your Score History
You have not taken this quiz